| 000 | 00418nam a2200169Ia 4500 | ||
|---|---|---|---|
| 008 | 140306s9999 xx 000 0 und d | ||
| 041 | _aeng | ||
| 082 |
_a150 _bKAU/BI |
||
| 100 | _aKawshal Goyal | ||
| 245 | _aBinny's CSPE review Book : Psychology | ||
| 260 |
_aDelhi _bGeneral Book Depot |
||
| 300 | _a296 | ||
| 365 | _bRs.100 | ||
| 650 | _aMotivation | ||
| 650 | _aPersonality development | ||
| 942 |
_2ddc _cBK |
||
| 999 |
_c181317 _d181317 |
||